000 00419cam a2200181ua 4500
020 _c1.00
041 _ahin
_h
082 _a891.54
_bOMP/HI
100 _aOm, Prakash .
245 _aHindi mem prakashan /
_cOm Prakash.
_hTextual Documents
250 _a1 /
_b.
260 _aDelhi :
_bRajkamal Prakash ,
_c1962.
300 _a93 ; .
365 _a1.00
504 _a
942 _cBK
999 _c8234
_d8234